000 00593nam a22002297a 4500
003 UA-OsUOA
001 37031
007 ta
008 20061130b un ||||| |||| 00| 0 ukr d
100 _aБілецький Леонід
090 _a09.-82
_bБ67
942 _cCR
040 _aUA-OsUOA
_bukr
_cUA-OsUOA
_dUA-OsUOA
245 _aВіруючий Шевченко
300 _a30 с.
955 _a1
041 _aukr
080 _a09.-82
260 _aВінніпег
_c1949
650 7 _a82 Література. Літературознавство
_2UDC
999 _c435561
_d435561